Reinwood Ltd v L Brown and Sons Ltd (Record no. 80067)
[ view plain ]
| 000 -LEADER | |
|---|---|
| fixed length control field | 01399cad a22002295a 4500 |
| 001 - CONTROL NUMBER | |
| control field | L143124 |
| 008 - FIXED-LENGTH DATA ELEMENTS--GENERAL INFORMATION | |
| fixed length control field | 080409e20080220xxk f v 000 0 eng d |
| 035 ## - SYSTEM CONTROL NUMBER | |
| System control number | (Sirsi) u143124 |
| 041 0# - LANGUAGE CODE | |
| Language code of text/sound track or separate title | eng |
| 245 00 - TITLE STATEMENT | |
| Title | Reinwood Ltd v L Brown and Sons Ltd |
| Medium | [electronic resource] |
| 260 ## - PUBLICATION, DISTRIBUTION, ETC. | |
| Date of publication, distribution, etc. | 2008 |
| 520 ## - SUMMARY, ETC. | |
| Summary, etc. | [2008] UKHL 12, 20 February 2008. Appeal by contractor (B) against a decision ([2007] EWCA Civ 601, L143128) that B had not been entitled to determine a JCT contract made between B and respondent employer (R) because R had withheld a sum due in payment. "Held": appeal dismissed. R was entitled to deduct from the payment certificate a sum representing damages for non-completion, even when the certificate of non-completion had been cancelled by the subsequent grant of an extension of time. |
| 590 ## - LOCAL NOTE (RLIN) | |
| Local note | KA |
| 650 24 - SUBJECT ADDED ENTRY--TOPICAL TERM | |
| Topical term or geographic name entry element | REINWOOD LTD V L BROWN AND SONS LTD |
| 650 24 - SUBJECT ADDED ENTRY--TOPICAL TERM | |
| Topical term or geographic name entry element | HOUSING GRANTS, CONSTRUCTION AND REGENERATION ACT 1996 S111 |
| 650 24 - SUBJECT ADDED ENTRY--TOPICAL TERM | |
| Topical term or geographic name entry element | HOUSING GRANTS, CONSTRUCTION AND REGENERATION ACT 1996 S110 |
| 650 24 - SUBJECT ADDED ENTRY--TOPICAL TERM | |
| Topical term or geographic name entry element | MELVILLE DUNDAS LTD V GEORGE WIMPEY UK LTD AND ANOTHER |
| 651 #4 - SUBJECT ADDED ENTRY--GEOGRAPHIC NAME | |
| Geographic name | England and Wales |
| Chronological subdivision | 1543- |
| 690 ## - LOCAL SUBJECT ADDED ENTRY--TOPICAL TERM (OCLC, RLIN) | |
| Topical term or geographic name as entry element | BUILT ENVIRONMENT-CONSTRUCTION MANAGEMENT-BUILDING CONTRACT ADMINISTRATION |
| 856 40 - ELECTRONIC LOCATION AND ACCESS | |
| Uniform Resource Identifier | <a href="https://www.publications.parliament.uk/pa/ld200708/ldjudgmt/jd080220/reinwo-1.htm">https://www.publications.parliament.uk/pa/ld200708/ldjudgmt/jd080220/reinwo-1.htm</a> |
| Public note | View the judgment free of charge at www.publications.parliament.uk... |
| 942 ## - ADDED ENTRY ELEMENTS (KOHA) | |
| Suppress in OPAC | 0 |
| Withdrawn status | Lost status | Source of classification or shelving scheme | Damaged status | Not for loan | Home library | Current library | Shelving location | Date acquired | Total Checkouts | Full call number | Barcode | Date last seen | Copy number | Price effective from | Koha item type |
|---|---|---|---|---|---|---|---|---|---|---|---|---|---|---|---|
| Dewey Decimal Classification | Virtual | Virtual | Online | 09/04/2008 | ONLINE PUBLICATION | 143124-2001 | 06/08/2019 | 1 | 06/08/2019 | Law report |